• 首页
  • 本馆介绍
  • 公告通知
  • 最新文献
  • 馆藏检索
  • 电子资源
  • 读者导购
  • 参考咨询
  • 我的图书馆
  • 登录
  • 详细信息显示
  • 放入我的书架
  • 预约/预借图书
  • 作者相关作品
  • 分类相关作品
  • 丛书相关作品
  • 出版社相关作品

书目信息

  • 表格格式
  • 工作单格式
  • 卡片格式
题名:
古希腊神话
    
 
作者: 施瓦布 著 ;黛箐 编译
分册:  
出版信息: 哈尔滨   黑龙江美术出版社  2018
页数: 232页
开本: 24cm
丛书名:
单 册:
中图分类: I17(198.4)
科图分类:
主题词: 神话--作品集--古希腊
电子资源:
ISBN: 978-7-5593-1510-6
000 01073nam0 2200253 450
001 012001011467
005 20191125163642.76
010    @a978-7-5593-1510-6@dCNY36.00
100    @a20190226d2018 em y0chiy50 ea
101 0  @achi
102    @aCN@b230000
105    @ay z 000fy
106    @ar
200 1  @a古希腊神话@Agu xi la shen hua@e全译本@f(德)施瓦布著@g黛箐编译
210    @a哈尔滨@c黑龙江美术出版社@d2018
215    @a232页@d24cm@e1备考手册(16页,21cm)
300    @a经典名著名译
330    @a《古希腊神话》讲述了:古希腊罗马神话,是关于神的故事与英雄传说的总汇,散见在《荷马史诗》、赫希俄德的《神谱》以及古典时期的文学、历史和哲学等著作中,而西方文化也由此生化演变而成。古希腊罗马神话内容极其丰富,像普岁米修斯盗天火、特洛伊木马、赫拉克勒斯十二大业绩、伊阿宋,卒领英雄夺取金羊毛,以及阿喀琉斯大战特洛伊人等故事脍炙人口,在世界上广为流传。
606 0  @a神话@x作品集@x古希腊
690    @aI17(198.4)@v5
701  0 @c(德)@a施瓦布@Ashi wa bu@4著
702  0 @a黛箐@Adai qing@4编译
801  0 @aCN@b上海新华@c20191020
905    @b1138580-3@dI17(198.4)@e569@f4
    
    古希腊神话:全译本/(德)施瓦布著/黛箐编译.-哈尔滨:黑龙江美术出版社,2018
    232页;24cm+1备考手册(16页,21cm)
    经典名著名译
    
    ISBN 978-7-5593-1510-6:CNY36.00
    《古希腊神话》讲述了:古希腊罗马神话,是关于神的故事与英雄传说的总汇,散见在《荷马史诗》、赫希俄德的《神谱》以及古典时期的文学、历史和哲学等著作中,而西方文化也由此生化演变而成。古希腊罗马神话内容极其丰富,像普岁米修斯盗天火、特洛伊木马、赫拉克勒斯十二大业绩、伊阿宋,卒领英雄夺取金羊毛,以及阿喀琉斯大战特洛伊人等故事脍炙人口,在世界上广为流传。
●
相关链接 在E读中查询图书 在五车中查询图书 在当当中查询图书 在豆瓣中查询图书


正题名:古希腊神话     索取号:I17(198.4)/569         预约/预借

序号 登录号 条形码 馆藏地/架位号 状态 备注
1 1138580   211385801   第一样本阅览室/ [索取号:I17(198.4)/569] 在馆    
2 1138581   211385810   第二借阅区/ [索取号:I17(198.4)/569] 在馆    
3 1138582   211385829   第二借阅区/ [索取号:I17(198.4)/569] 在馆    
4 1138583   211385838   第二借阅区/ [索取号:I17(198.4)/569] 在馆    
唐山师范学院图书馆 欢迎您!
大连网信软件有限公司© 版权所有